What's ethical in business?

Αποθηκεύτηκε σε:
Λεπτομέρειες βιβλιογραφικής εγγραφής
Κύριος συγγραφέας: Henderson, Verne E.
Μορφή: Βιβλίο
Γλώσσα:English
Δημοσίευση: New York : McGraw-Hill, c1992
Θέματα:
Ετικέτες: Προσθήκη ετικέτας
Δεν υπάρχουν, Καταχωρήστε ετικέτα πρώτοι!

MARC

LEADER 00000cam a2200000 i 4500
001 1/34006
008 950803s1992 eng d
020 |a 0070281742 ((PBK))  |c $12.95 
020 |a 0070281734 ((HC))  |c $19.95 
035 |l 10024035 
040 |a GR-MY-UA  |b gre  |e aacr 
041 0 |a eng 
082 0 |a 174.4  |2 (20) 
100 1 |a Henderson, Verne E. 
245 1 0 |a What's ethical in business? /  |c Verne E. Henderson 
260 |a New York :   |b McGraw-Hill,   |c c1992 
300 |a vi, 232 p.;  |b ill.;  |c 23 cm 
504 |a Includes bibliographical references and index 
650 0 0 |a Business ethics. 
852 |a INST  |b CHIOS  |e 19950803  |h 174.4 HEN  |p 005200002199  |q 005200002199  |t BK  |y 0 
909 |a Χ  |b 031172